000 00915nam a22002897a 4500
001 4903
003 FISKH
005 20241023124415.0
008 241023b cb ||||| |||| 00| 0 eng d
020 _a0590464744
040 _aFISKH
_beng
_cFISKH
_dFISKH
050 _aHQ792.U5
082 _a305.230978
100 _aFreeman, Russell
245 _aChildren of the Wild West /
_cby Russell Freedman
250 _aFirst Scholastic printing, September 1992
260 _aNew York :
_bScholastic ;
_c1983 .
300 _a104 pages :
_billustrations ;
_c24 cm .
505 _aZ
520 _aHistorical photographs with explanatory text present a picture of life in the American West from 1840 to the early 1900s.
521 8 _a1010
_bLexile
521 8 _aZ
_bRaz-Plus
650 _aUS history
_vnon-fiction
700 _aBuctel, George
_eIllustrator
942 _2ddc
_cBK
_n0
999 _c4903
_d4903